[Event "Friendship Match AZE-TUR"]
[Site "Mustafa Kemal Atatürk"]
[Date "2020.08.08"]
[Round "2"]
[White "Xanim"]
[Black "Eceozbaay"]
[Result "1-0"]
[WhiteElo "1620"]
[BlackElo "1620"]
[Annotator "NA"]
[PlyCount "43"]
[EventDate "2020.08.08"]
[EventType "team-tourn (rapid)"]

1. e4 {[%emt 0:00:06]} c5 {[%emt 0:00:09]} 2. Nf3 {[%emt 0:00:02]} e6 {[%emt 0:00:05]} 3. c3 {[%emt 0:00:01]} d5 {[%emt 0:00:19]} 4. e5 {[%emt 0:00:17]} Nc6 {[%emt 0:00:11]} 5. d4 {[%emt 0:00:01]} Bd7 {[%emt 0:01:00]} 6. Na3 {[%emt 0:00:06]} a6 {[%emt 0:00:23]} 7. Nc2 {[%emt 0:00:03]} cxd4 {[%emt 0:00:20]} 8. cxd4 {[%emt 0:00:03]} Nge7 {[%emt 0:00:25]} 9. Bd3 {[%emt 0:00:06]} Ng6 {[%emt 0:00:18]} 10. h4 {[%emt 0:00:27]} Nb4 {[%emt 0:00:34]} 11. Nxb4 {[%emt 0:00:21]} Bxb4+ {[%emt 0:00:01]} 12. Bd2 {[%emt 0:00:10]} Qb6 {[%emt 0:00:36]} 13. O-O {[%emt 0:00:47]} Ne7 {[%emt 0:00:49]} 14. Rc1 {[%emt 0:01:35]} Nc6 {[%emt 0:00:17]} 15. Be3 {[%emt 0:00:09]} Be7 {[%emt 0:02:06]} 16. Qd2 {[%emt 0:00:35]} O-O {[%emt 0:02:08]} 17. Bb1 {[%emt 0:00:42]} g6 {[%emt 0:00:29]} 18. Bg5 {[%emt 0:02:04]} Rfc8 {[%emt 0:01:29]} 19. Rxc6 {[%emt 0:00:29]} Rxc6 {[%emt 0:01:14]} 20. Bxe7 {[%emt 0:00:03]} Qc7 {[%emt 0:00:01]} 21. Qh6 {[%emt 0:00:10]} Qc8 {[%emt 0:00:59]} 22. Ng5 {[%emt 0:00:04] Eceozbaay Terk (Lag: Av=0.42s, max=0.7s)} 1-0